000 00337nam a2200157Ia 4500
100 _aBabu/V
650 _aDynamics
942 _cBK
654 _aGas dynamics
245 _aFundamentals of Gas Dynamics
260 _bAne Books
_aNavi Mumbai
_c2008
082 _a625.262/BAB
_bBAB
300 _a180
546 _aENGLISH
999 _c22822
_d22822